LEADER 01540nam a2200337 a 4500 001 000000158067 003 CaOOAMICUS 005 20170123132531.0 008 170123s2016 it a u000 u ita r 020 $a978-88-6992-129-2* 032 $aLibriCat 040 $aPUL$bita 082 04$a370.1 245 03$aLa filosofia come paideia :$bcontributi sul ruolo educativo degli studi filosofici /$cAriberto Acerbi, Francisco Fernandez Labastida, Gennaro Luise (a cura di) 260 $aRoma :$bArmando Editore,$c©2016. 300 $a255 p. ;$c20 cm. 490 1 $aStudi di Filosofia ;$v40 504 $aBibliografia in nota. 650 4$aPedagogia e filosofia.$0(OLS)http://pul/subject/12711 700 1 $aFernandez Labastida, Francisco,$d1966-$0(OLS)http://pul/name/86680 700 1 $aLuise, Gennaro.$0(OLS)http://pul/name/100935 700 1 $aAcerbi, Ariberto.$0(OLS)http://pul/name/51808 830 0$aStudi di filosofia (Armando editore) ;$v40.$0(OLS)http://pul/title/75410 850 $aPUL 852 $aPUL$W1$xSL Diritto e Scienze Sociali 3$y79$m370. 1 ACEAR 1$j181395$qDDC 21$B184536$CPULBib$Z2$F184536 $H128687 $81 941 1 $a9 996 $6020$a978-88-6992-129-2*$9(OLS)http://pul/number/161838 996 $6082$a370.1$9(OLS)http://pul/classification/413 996 $6245$aLa filosofia come paideia :$bcontributi sul ruolo educativo degli studi filosofici$9(OLS)http://pul/title/197670 996 $6260$aRoma :$bArmando Editore$9(OLS)http://pul/publisher/53653 LEADER 01366nam a2200277 a 4500 001 000000174830 003 CaOOAMICUS 005 20211015120153.0 008 211015s2015 vc od u000 u ita r 020 $a978-88-209-9575-1* 032 $aLibriCat 040 $aPUL$bita 082 04$a252.6 245 03$aLa pastorale delle grandi cittą : $batti del 1. convegno internazionale. Barcellona, 20-22 maggio, 24-26 novembre 2014, Cittą del Vaticano, 27 novembre 2014 / $ca cura di Lluis Martinez Sistach. 260 $aCittą del Vaticano :$bLibreria editrice vaticana,$c©2015. 300 $a326 p. ; $c21 cm 504 $aBibliografia in nota. 650 4$aTeologia pastorale$ySec. XXI.$0(OLS)http://pul/subject/41897 850 $aPUL 852 $aPUL$W1$xDP2 Religione 3$y114$m252. 6 SISLL 1$j199128$qDDC 21$B203778$CPULBib$Z2$F203778 $H135215 $82 941 1 $a9 996 $6020$a978-88-209-9575-1*$9(OLS)http://pul/number/168386 996 $6082$a252.6$9(OLS)http://pul/classification/3022 996 $6245$aLa pastorale delle grandi cittą : $batti del 1. convegno internazionale. Barcellona, 20-22 maggio, 24-26 novembre 2014, Cittą del Vaticano, 27 novembre 2014 / $9(OLS)http://pul/title/216184 996 $6260$aCittą del Vaticano :$bLibreria editrice vaticana$9(OLS)http://pul/publisher/47920